Proyecciones de matrículas y gastos en educación
সংরক্ষণ করুন:
| সংস্থা লেখক: | |
|---|---|
| বিন্যাস: | গ্রন্থ |
| ভাষা: | স্প্যানিশ |
| প্রকাশিত: |
Santiago
Nascimiento
1964
|
| বিষয়গুলি: | |
| ট্যাগগুলো: |
ট্যাগ যুক্ত করুন
কোনো ট্যাগ নেই, প্রথমজন হিসাবে ট্যাগ করুন!
|
MARC
| LEADER | 00000nam a2200000 a 4500 | ||
|---|---|---|---|
| 001 | UCU0478 | ||
| 003 | CL-VaPUC | ||
| 008 | 960322e19640000CL |||||||||||||||||spa|d | ||
| 082 | 0 | 4 | |a 379.2 |b COR |2 21 |
| 110 | 2 | |a Corporación de Fomento de la Producción |e author |9 355644 | |
| 245 | 1 | 0 | |a Proyecciones de matrículas y gastos en educación |
| 300 | |a 176 p | ||
| 942 | |c BK | ||
| 945 | |d 19960322 00:00:00 |a lriquelm | ||
| 260 | |a Santiago |b Nascimiento |c 1964 | ||
| 650 | 0 | |a Política educacional |9 308011 | |
| 650 | 7 | |a MATRICULA Y GASTOS EDUCACIONALES |2 CL-VaPUC |9 355645 | |
| 650 | 0 | |a Desarrollo económico y social |9 256320 | |
| 650 | 0 | |a Planificación de la educación |9 307333 | |
| 650 | 7 | |a INGRESO EDUCACIONAL |2 CL-VaPUC |9 355646 | |
| 650 | 7 | |a PROYECCIONES DE MATRICULAS |2 CL-VaPUC |9 355647 | |
| 650 | 7 | |a EVOLUCION DE LA MATRICULA |2 CL-VaPUC |9 355648 | |
| 583 | |a last modification |c 19960322 00:00:00 |k Rodrigo Vera | ||
| 999 | |c 245328 |d 245326 | ||
| 952 | |0 0 |1 0 |4 0 |6 379_200000000000000_COR_1964 |7 0 |8 P |9 259800 |a BIBEDU |b BIBEDU |c BIBEDU_PB |d 2019-11-19 |i 1636804 |o 379.2 COR 1964 |p 1636804 |r 2024-01-25 |w 2019-11-19 |y BK |k EDU | ||